000 01236nam a22003377a 4500
001 20775
003 CO-MdFUSB
005 20180622072745.0
008 160829t1995 xxu||||| |||| 00| 0 eng d
020 _a0-8006-2949-3
040 _aCO-MdFUSB
_bEspañol
_cCO-MdFUSB
_dCO-MdFUSB
_erda
041 _aeng
082 _224
_aG 220.6
_bSE454r
100 1 _aSegovia, Fernando F., (Editor)
245 0 _aSocial location and biblical interpretation in global perspective
_c/ Edited by Fernando F. Segovia,
264 4 _aMinneapolis, Minnesota :
_bFortress Press,
_c©1995
300 _axv, vol. 2: 365 páginas
336 _2rdacontent
_a1
_ba1
337 _2rdamedia
_a2
_b5
338 _2rdacarrier
_a2
_b5
490 _aReading from this place
500 _aRústico
501 _aLecturas de África -- Lecturas de Asia -- Lecturas de Europa -- Lecturas de Latinoamérica -- Lecturas de Norteamérica
653 _aInterpretación y crítica bíblica
653 _aHermenéutica bíblica - Congresos
653 _aTeología - Estudio y enseñanza - Congresos
653 _aLiteratura bíblica - Congresos
653 _aPluralismo religioso - Cristianismo - Congresos
720 _aMary Ann Tolbert
_eEditora
942 _cBK
999 _c47126
_d47126